00738 2200253 4500001002100000005001500021035002000036007000300056008004100059020002200100082001000122084001600132100002700148245011900175250001000294260003300304300006300337650001200400700002400412990001200436990001200448990001200460990001200472INLIS00000000000535620200914103254 a0010-0220000074ta200914 b 1 ind  a978-979-29-7167-5 a398.2 a398.2 WIN s0 aWINKANDA, Satria Putra1 aKumpulan Dongeng Negeri Korea :bTan Gu, Pendiri Negeri Korea /cWinkanda Satria Putra; editor, Th. Arie Prabawati acet.1 aYogyakarta :bRainbow,c2018 av, 134 hlm. :bilus. ;c23 cm.-- Seri Cerita Dongeng Dunia 4aDONGENG0 aARIE, Prabawati Th. a17047 A a17047 B a17047 C a17047 D